| 000 | 00741nam a2200193 i 4500 | ||
|---|---|---|---|
| 001 | 125430 | ||
| 003 | ES-MaACL | ||
| 005 | 20231226173829.0 | ||
| 007 | t| | ||
| 008 | 070611s1926 sp |||| |dspa d | ||
| 245 | 0 | 0 |
_aHomenaje a D. Tomás Antonio Sánchez en el II centenario de su nacimiento / _corganizado por la Sociedad de Menéndez y Pelayo con la cooperación de la Excma. Diputación Provincial de Santander. |
| 260 |
_aSantander : _b[s.n., _c1926] ( _fImpr. Provincial) |
||
| 300 |
_a64 p. ; _c20 cm. |
||
| 600 | 1 | 4 |
_aSanchez, Tomás Antonio. _9132395 |
| 710 | 2 |
_aSociedad Menéndez Pelayo _96793 |
|
| 710 | 1 |
_aSantander (Provincia). _bDiputación Provincial. _96500 |
|
| 852 |
_aES-MaACL _j1701-F-4 |
||
| 999 |
_c125430 _d125430 |
||